MARC details
| 000 -CABECERA |
| campo de control de longitud fija |
01163nam a2200253 a 4500 |
| 001 - NÚMERO DE CONTROL |
| campo de control |
000035973 |
| 003 - IDENTIFICADOR DEL NÚMERO DE CONTROL |
| campo de control |
DO-SdBNP |
| 005 - FECHA Y HORA DE LA ÚLTIMA TRANSACCIÓN |
| campo de control |
20221114140020.0 |
| 007 - CAMPO FIJO DE DESCRIPCIÓN FÍSICA--INFORMACIÓN GENERAL |
| campo de control de longitud fija |
ta |
| 008 - DATOS DE LONGITUD FIJA--INFORMACIÓN GENERAL |
| campo de control de longitud fija |
111121s2006 dr ao 000 0 spa d |
| 040 ## - FUENTE DE LA CATALOGACIÓN |
| Centro catalogador/agencia de origen |
DO-SdBNP |
| Lengua de catalogación |
spa |
| Centro/agencia transcriptor |
BNPHU |
| 082 ## - NÚMERO DE LA CLASIFICACIÓN DECIMAL DEWEY |
| Número de clasificación |
xxx |
| Número de documento/Ítem |
D542s |
| 100 ## - ENTRADA PRINCIPAL--NOMBRE DE PERSONA |
| Nombre de persona |
Díaz, Polibio, |
| Fechas asociadas al nombre |
1952- |
| 9 (RLIN) |
61996 |
| 245 10 - MENCIÓN DE TÍTULO |
| Título |
Polibio Diaz : |
| Resto del título |
interiores / |
| Mención de responsabilidad, etc. |
Polibio Díaz ; textos María Elena Ditrén , Ricardo Ramón Jarne, Antonio Zaya. |
| 260 ## - PUBLICACIÓN, DISTRIBUCIÓN, ETC. |
| Lugar de publicación, distribución, etc. |
Santo Domingo : |
| Nombre del editor, distribuidor, etc. |
Museo de Arte Moderno, |
| Fecha de publicación, distribución, etc. |
2006. |
| 300 ## - DESCRIPCIÓN FÍSICA |
| Extensión |
126 p. : |
| Otras características físicas |
il., fot. ; |
| Dimensiones |
23 cm. |
| 505 0# - NOTA DE CONTENIDO CON FORMATO |
| Información miscelánea |
Presentación / |
| Mención de responsabilidad |
José Rafael Lantigua -- |
| Título |
Los interiores de Polibio Díaz: Retratos de la dominicanidad / |
| Mención de responsabilidad |
María Elena Ditrén Flores -- |
| Título |
Polibio Díaz. Interiores dominicanos / |
| Mención de responsabilidad |
Antonio Zaya -- |
| Título |
Como mi casa ninguna: El entrepismo tropical de Polibio Díaz / |
| Mención de responsabilidad |
Ricardo Ramón Jarne -- |
| Título |
Polibio Díaz: En su otro interior / |
| Mención de responsabilidad |
Sara Hermann -- |
| Información miscelánea |
Interiores |
| -- |
Datos biográficos |
| -- |
Traducciones |
| 590 ## - NOTA LOCAL (RLIN) |
| Nota local |
Inventariado 2022/ YL |
| 700 1# - PUNTO DE ACCESO ADICIONAL--NOMBRE DE PERSONA |
| Nombre de persona |
Ditrén, María Elena |
| 9 (RLIN) |
57565 |
| 700 1# - PUNTO DE ACCESO ADICIONAL--NOMBRE DE PERSONA |
| Nombre de persona |
Jarne, Ricardo Ramón |
| 9 (RLIN) |
57611 |
| 700 1# - PUNTO DE ACCESO ADICIONAL--NOMBRE DE PERSONA |
| Nombre de persona |
Zaya, Antonio |
| 9 (RLIN) |
61997 |
| 910 ## - DATOS DE OPCIÓN DEL USUARIO (OCLC) |
| Datos de opción del usuario |
YLockward |
| 942 ## - ELEMENTOS DE PUNTO DE ACCESO ADICIONAL (KOHA) |
| Fuente del sistema de clasificación o colocación |
Dewey Decimal Classification |
| Tipo de ítem Koha |
Libro |